000 00675cam a2200229 i 4500
001 a4774122
003 CO-ViMGA
005 20230915232209.0
008 100617s2010 sp a | |||| 000 0 spa
020 _a9786077070269
040 _aCO-ViMGA
_bspa
_cCO-ViMGA
082 0 4 _a005.36
_bM26d
100 1 _aMenchen Peñuela, Antonio
_92150
245 1 0 _aDiseño de programas
_h[Texto impreso]
_cAntonio Menchen Peñuela
250 _a1a. ed.
260 _aMéxico :
_bAlfaomega,
_cc2010
300 _a192 p.
_bil., graf.
_c17 x 23 cm
500 _aíndice
650 1 7 _aAlgoritmos computacionales
_2embne
_92151
650 1 7 _aLenguajes de programación
_92152
942 _2ddc
_cBK
999 _c33719
_d33719